[Event "New York op"]
[Site "New York"]
[Date "1989.??.??"]
[Round "8"]
[White "Soltis, Andrew E"]
[Black "Arnason, Jon L"]
[Result "1/2-1/2"]
[WhiteElo "2425"]
[BlackElo "2550"]

1.e4 c5 2.Nc3 Nc6 3.Nge2 d6 4.d4 cxd4 5.Nxd4 Nf6 6.Bc4 Qb6 7.Nde2 e6 8.O-O Be7
9.Bb3 O-O 10.Qd3 Rd8 11.Qg3 Qa5 12.Be3 b5 13.a3 Ne5 14.Bd4 Nc4 15.a4 Nd2
16.axb5 Nxf1 17.Rxa5 Nxg3 18.hxg3 a6 19.Bc4 axb5 20.Rxa8 bxc4 21.Ra4 d5 22.exd5 exd5
23.Ra7 Kf8 24.Bb6 Re8 25.f3 h5 26.Rc7 Be6 27.Bc5 Bxc5+ 28.Rxc5 Rb8 29.Rb5 Rxb5
30.Nxb5 Ke7 31.Kf2 Bd7 32.Nbd4 Kd6 33.Ke3 Ke5 34.b4 cxb3 35.cxb3 Ne8 36.Nf4 g6
37.Nd3+ Kd6 38.Kd2 Nc7 39.Ke3  1/2-1/2

[Event "New York op"]
[Site "New York"]
[Date "1990.??.??"]
[Round "1"]
[White "Dzindzichashvili, Roman"]
[Black "Soltis, Andrew E"]
[Result "1-0"]
[WhiteElo "2545"]
[BlackElo "2410"]

1.c4 Nf6 2.Nc3 d6 3.g3 g6 4.Bg2 Bg7 5.Nf3 O-O 6.O-O Nbd7 7.Rb1 a5 8.a3 Nb6
9.d3 c6 10.Bd2 d5 11.cxd5 Nfxd5 12.Qc2 e5 13.Ne4 h6 14.Nc5 Re8 15.e4 Nc7
16.Be3 Nd7 17.Nxd7 Bxd7 18.d4 exd4 19.Nxd4 Bg4 20.Nb3 Qc8 21.f3 Bh3 22.Rbd1 Bxg2
23.Kxg2 Ne6 24.f4 c5 25.e5 Qc6+ 26.Kf2 Red8 27.Nd2 Nd4 28.Bxd4 Rxd4 29.Nf3 Rdd8
30.Rd2 Bf8 31.Rfd1 Be7 32.f5 gxf5 33.Qxf5 Rxd2+ 34.Rxd2 Rd8 35.e6 Qxe6 36.Qxe6 Rxd2+
37.Nxd2 fxe6 38.a4 Kf7 39.Nc4 Bd8 40.Kf3 Bc7 41.Ke4 Kf6 42.b3 Kg5 43.Ne3 h5
44.h4+ Kg6 45.Kf3 Be5 46.Nc4 Bc7 47.g4 hxg4+ 48.Kxg4 b6 49.Nd2 Kf6 50.h5 Ke5
51.Kg5 Kd5 52.Nc4 Ke4 53.Kf6 Bf4 54.Kxe6 Kd4 55.Nxb6 Kc3 56.Nd5+  1-0

[Event "New York op"]
[Site "New York"]
[Date "1990.??.??"]
[Round "2"]
[White "Lputian, Smbat G"]
[Black "Soltis, Andrew E"]
[Result "1-0"]
[WhiteElo "2545"]
[BlackElo "2410"]

1.d4 Nf6 2.c4 d6 3.Nf3 g6 4.Nc3 Nbd7 5.e4 e5 6.Be2 Bg7 7.O-O O-O 8.Qc2 c6
9.Rd1 Qe7 10.d5 c5 11.Rb1 Nh5 12.g3 Ndf6 13.b4 b6 14.bxc5 bxc5 15.Qa4 a6
16.Bd2 Ra7 17.Nh4 Ng4 18.Rb8 Bd7 19.Qb3 Nf4 20.Bf1 Nh6 21.Qb6 Nh3+ 22.Kg2 Ra8
23.Rb7 Qf6 24.Rxd7 Rab8 25.Qxd6 Qxf2+ 26.Kxh3 Rb2 27.Be2 g5 28.Bxg5  1-0

[Event "New York op"]
[Site "New York"]
[Date "1990.??.??"]
[Round "3"]
[White "Soltis, Andrew E"]
[Black "Saidy, Anthony Fred"]
[Result "1-0"]
[WhiteElo "2410"]
[BlackElo "2380"]

1.e4 c5 2.Nc3 Nc6 3.Nge2 Nf6 4.d4 cxd4 5.Nxd4 d6 6.Bc4 Qb6 7.Nde2 e6 8.Bb3 Be7
9.O-O O-O 10.Qd3 Bd7 11.Qg3 Kh8 12.Kh1 Na5 13.Bg5 Bc6 14.f4 Qc7 15.Qh4 Rae8
16.Ng3 Ng8 17.f5 Bxg5 18.Qxg5 f6 19.Qd2 Nxb3 20.axb3 a6 21.Rad1 Rd8 22.fxe6 Qe7
23.Rf3 Qxe6 24.Rd3 Nh6 25.Rxd6 Rxd6 26.Qxd6 Qxd6 27.Rxd6 Nf7 28.Rd4 Kg8 29.Nd5 Re8
30.Nb4 Rc8 31.Nf5 Kf8 32.Nxc6 Rxc6 33.c3 g6 34.Ne3 Re6 35.Kg1 Nd6 36.Nd5 Nxe4
37.Rc4 Rd6  1-0

[Event "New York op"]
[Site "New York"]
[Date "1990.??.??"]
[Round "6"]
[White "Soltis, Andrew E"]
[Black "Burger, Karl"]
[Result "1-0"]
[WhiteElo "2410"]
[BlackElo "2345"]

1.e4 c5 2.Nc3 e6 3.Nge2 a6 4.g3 d6 5.Bg2 Nf6 6.O-O Be7 7.h3 Nc6 8.d3 O-O
9.Kh1 Bd7 10.g4 b5 11.Ng3 Ne8 12.Be3 Rc8 13.f4 Nd4 14.Qd2 Bh4 15.Bf2 Bc6
16.Nd1 e5 17.f5 Bg5 18.Be3 Bxe3 19.Nxe3 Qh4 20.Kh2 b4 21.c3 bxc3 22.bxc3 Nb5
23.f6 Qg5 24.Ngf5 Qxf6 25.a4 Na7 26.Rf2 Qd8 27.Raf1 Bd7 28.Nd5 Nc6 29.g5 Be6
30.h4 Bxd5 31.exd5 Ne7 32.Nxe7+ Qxe7 33.Bh3 Rb8 34.Be6 fxe6 35.Rxf8+ Qxf8
36.Rxf8+ Kxf8 37.dxe6 Ke7 38.Qg2 Kxe6 39.Qc6 a5 40.Kg3 g6 41.Kg4 Ke7 42.Qa6 Nc7
43.Qa7 Rc8 44.Qxa5 Kd7 45.Qb6 Ra8 46.a5 Ra6 47.Qb3 d5 48.Qb8 Ra8 49.Qb6 c4
50.dxc4 dxc4 51.Qc5 e4 52.Qd4+ Kc8 53.Qxe4 Rxa5 54.Qe7 Ra6 55.Qxh7 Re6 56.h5 gxh5+
57.Kxh5 Nd5 58.Qf5  1-0

[Event "New York op"]
[Site "New York"]
[Date "1990.??.??"]
[Round "9"]
[White "Abramovic, Bosko"]
[Black "Soltis, Andrew E"]
[Result "1-0"]
[WhiteElo "2495"]
[BlackElo "2410"]

1.e4 e5 2.Nf3 Nc6 3.Bb5 Nd4 4.Nxd4 exd4 5.O-O c6 6.Ba4 Nf6 7.d3 d5 8.c3 dxc3
9.Nxc3 d4 10.Ne2 Be7 11.Ng3 O-O 12.h3 Nd7 13.f4 Nc5 14.Bc2 a5 15.Qf3 a4 16.a3 f6
17.Bd2 Nb3 18.Bxb3+ axb3 19.Rae1 Kh8 20.f5 Bd6 21.Bf4 Ra5 22.Ne2 c5 23.Nc1 Rb5
24.Bxd6 Qxd6 25.Qd1 Qc7 26.Rf2 Rd8 27.Nxb3 c4 28.dxc4 Qxc4 29.Nc1 d3 30.Re3 Re5
31.Rxd3 Rxd3 32.Nxd3 Rxe4 33.Nb4 Re8 34.Qd6 h6 35.Kh2 b5 36.Nc6 Kh7 37.Nd4 Re5
38.b3 Qc1 39.Ne6 Re1 40.Qd2 Rh1+ 41.Kg3 Qxa3 42.Rf3 Qe7 43.Re3 Qf7 44.Qc2 Bb7
45.Qc5 Rf1 46.Nf4 Rg1 47.Ng6 Rxg2+ 48.Kh4 Qd5 49.Re8  1-0

[Event "Chicago opI"]
[Site "Chicago"]
[Date "1992.??.??"]
[Round "1"]
[White "Wachtel, Robert"]
[Black "Soltis, Andrew E"]
[Result "0-1"]
[WhiteElo "2350"]
[BlackElo "2420"]

1.d4 Nf6 2.Nf3 g6 3.c4 Bg7 4.Nc3 O-O 5.e4 d6 6.Be2 Na6 7.O-O e5 8.d5 Nc5
9.Qc2 a5 10.Be3 Ng4 11.Bg5 f6 12.Bd2 f5 13.Bg5 Nf6 14.Nd2 Bd7 15.b3 h6 16.Bxf6 Qxf6
17.a3 Na6 18.Rab1 c5 19.dxc6 bxc6 20.b4 axb4 21.axb4 Rfb8 22.b5 Nc5 23.Bf3 f4
24.Rfd1 Ne6 25.bxc6 Bxc6 26.Nb3 Ng5 27.Qd3 Ra3 28.Nd2 Rba8 29.Rb6 Rc8 30.Rdb1  0-1

[Event "Chicago opI"]
[Site "Chicago"]
[Date "1992.??.??"]
[Round "3"]
[White "Karklins, Eric"]
[Black "Soltis, Andrew E"]
[Result "0-1"]
[WhiteElo "2320"]
[BlackElo "2420"]

1.e4 d5 2.exd5 Qxd5 3.Nc3 Qa5 4.Qf3 Nf6 5.Bb5+ c6 6.Ba4 g6 7.a3 Bg7 8.b4 Qd8
9.Bb3 O-O 10.Rb1 a5 11.Nge2 axb4 12.axb4 Na6 13.Ba2 Nc7 14.Bc4 e5 15.O-O e4
16.Qe3 Re8 17.h3 Nfd5 18.Qg3 Be5 19.f4 Bg7 20.Nd1 Qd6 21.c3 f5 22.Ne3 Be6
23.Bb3 Nxe3 24.Bxe6+ Rxe6 25.Qxe3 Nd5 26.Qg3 Nb6 27.Kh2 Nc4 28.Rd1 Rd8 29.Kh1 b5
30.Kh2 Qe7 31.d4 exd3 32.Nd4 Bxd4 33.cxd4 Ne3 34.Bb2 Nxd1  0-1

[Event "Chicago opI"]
[Site "Chicago"]
[Date "1992.??.??"]
[Round "5"]
[White "Remlinger, Larry"]
[Black "Soltis, Andrew E"]
[Result "1-0"]
[WhiteElo "2340"]
[BlackElo "2420"]

1.d4 d5 2.c4 Bf5 3.cxd5 Bxb1 4.Qa4+ c6 5.Rxb1 Qxd5 6.Nf3 Nd7 7.a3 Ngf6 8.e3 e6
9.Be2 a5 10.O-O Bd6 11.Nd2 Bc7 12.Bf3 Qd6 13.g3 O-O 14.Qc2 Rfe8 15.Nc4 Qe7
16.e4 b5 17.Ne3 Bb6 18.e5 Nd5 19.Qxc6 Bxd4 20.Nxd5 exd5 21.Qxb5 Nxe5 22.Bxd5 Rab8
23.Qxa5 Qd7 24.Bg2 Nd3 25.Be3 Bxe3 26.fxe3 Rxe3 27.Rbd1 Re2 28.Bd5 Qh3 29.Rxf7 Qxh2+
30.Kf1 Kh8 31.Rxd3 Rbe8 32.Rd1 Qh3+ 33.Kg1 Qxg3+ 34.Kf1 Qh3+ 35.Kg1 Qg4+
36.Kf1 R2e3 37.Qd2 Rg3 38.Bg2 Qh4 39.Kg1 Rh3  1-0

[Event "New York Marshall CC"]
[Site "New York"]
[Date "1992.??.??"]
[Round "4"]
[White "Soltis, Andrew E"]
[Black "Shabalov, Alexander"]
[Result "1-0"]
[WhiteElo "2420"]
[BlackElo "2525"]

1.e4 Nf6 2.e5 Nd5 3.d4 d6 4.Bc4 Nb6 5.Bb3 Bf5 6.Qf3 e6 7.Qxb7 d5 8.Ne2 Bb4+
9.Bd2 a5 10.Ba4+ N8d7 11.Bb5 O-O 12.O-O f6 13.exf6 Nxf6 14.Bxb4 axb4 15.Nd2 Ra5
16.Bd3 Qd6 17.Nb3 Raa8 18.Bb5 Ng4 19.Ng3 Qf4 20.Be2 Qd6 21.Bb5 Rf6 22.a4 bxa3
23.Rxa3 Raf8 24.Be2 Qf4 25.Ra7 R6f7 26.c3 Nc4 27.Bxc4 dxc4 28.Nc5 Bd3 29.Nxd3 cxd3
30.Qf3 Qg5 31.Qxd3 Nxf2 32.Qe2 Qh4 33.Qxe6 Ng4 34.Qxf7+  1-0

[Event "New York op"]
[Site "New York"]
[Date "1992.??.??"]
[Round "5"]
[White "Soltis, Andrew E"]
[Black "Dlugy, Maxim"]
[Result "1/2-1/2"]
[WhiteElo "2420"]
[BlackElo "2550"]

1.e4 c5 2.Nf3 d6 3.d4 cxd4 4.Nxd4 Nf6 5.Nc3 Nc6 6.f4 e5 7.Nf3 Qa5 8.Bb5 Be7
9.O-O O-O 10.Qe1 exf4 11.Bxf4 Re8 12.Kh1 Bf8 13.Nd2 a6 14.Bc4 Be6 15.Rd1 Qb4
16.Bb3 Bxb3 17.axb3 d5 18.e5 Rad8 19.Bg3 Ng4  1/2-1/2

[Event "New York op"]
[Site "New York"]
[Date "1992.??.??"]
[Round "6"]
[White "Sherzer, Alex"]
[Black "Soltis, Andrew E"]
[Result "0-1"]
[WhiteElo "2460"]
[BlackElo "2420"]

1.e4 c5 2.Nf3 g6 3.d4 Bg7 4.c4 Qa5+ 5.Nc3 d6 6.Be2 Bg4 7.dxc5 dxc5 8.O-O Nc6
9.Bf4 Nf6 10.e5 Nh5 11.Bd2 O-O 12.h3 Bxf3 13.Bxf3 Nxe5 14.Bxh5 gxh5 15.Nd5 Qd8
16.Bc3 e6 17.Qxh5 Ng6 18.Bxg7 Kxg7 19.Ne3 Qc7 20.Ng4 f5 21.Nh2 Nf4 22.Qf3 Rf6
23.h4 e5 24.g3 Ne6 25.Qh5 Nd4 26.Nf3 Kh8 27.Ne1 Rg8 28.Ng2 Qc6 29.Kh2 Rh6
30.Qd1 f4 31.Ne1 Qf6 32.Nf3 e4 33.Ng1 Qg5 34.Nh3 fxg3+ 35.Kg2 Qxh4  0-1

[Event "New York Marshall CC"]
[Site "New York"]
[Date "1992.??.??"]
[Round "7"]
[White "Sagalchik, Gennadij"]
[Black "Soltis, Andrew E"]
[Result "1/2-1/2"]
[WhiteElo "2490"]
[BlackElo "2420"]

1.d4 Nf6 2.c4 d6 3.Nc3 Nbd7 4.e4 e5 5.Nf3 g6 6.Be2 Bg7 7.O-O O-O 8.Be3 c6
9.d5 c5 10.Ne1 Ne8 11.Nd3 f5 12.f4 Qe7 13.fxe5 Nxe5 14.Nxe5 Bxe5 15.Qd2 Bd7
16.Rae1 Ng7 17.Bg5 Bf6 18.Bxf6 Qxf6 19.exf5 Nxf5 20.Ne4 Qh4 21.Bd1 Rae8 22.g3 Qd8
23.Qf4 Re5 24.Nxd6 Rxe1 25.Rxe1 Nxd6 26.Qxd6 Qa5 27.Rf1 Rxf1+ 28.Kxf1 Bh3+
29.Kf2 Qd2+ 30.Be2 Qd4+ 31.Ke1  1/2-1/2

[Event "New York Murphy-ACF"]
[Site "New York"]
[Date "1994.??.??"]
[Round "2"]
[White "Soltis, Andrew E"]
[Black "Umezinwa, George"]
[Result "1-0"]
[WhiteElo "2430"]
[BlackElo "2300"]

1.e4 c5 2.Nc3 Nc6 3.Nge2 d6 4.d4 cxd4 5.Nxd4 Nf6 6.Bc4 e6 7.Bb3 a6 8.Be3 Qc7
9.f4 Be7 10.Qf3 O-O 11.O-O-O Na5 12.g4 Nxb3+ 13.axb3 Nd7 14.g5 Re8 15.h4 b5
16.g6 hxg6 17.h5 Nf8 18.hxg6 fxg6 19.f5 Bf6 20.fxg6 Nxg6 21.Qh5 Qf7 22.e5 Bxe5
23.Rdf1 Bf6 24.Ne4 Bb7 25.Qh7+ Kf8 26.Nxf6 gxf6 27.Rxf6 Ne5 28.Rxf7+ Nxf7
29.Rf1  1-0

[Event "New York Murphy-ACF"]
[Site "New York"]
[Date "1994.??.??"]
[Round "3"]
[White "Ehlvest, Jaan"]
[Black "Soltis, Andrew E"]
[Result "1/2-1/2"]
[WhiteElo "2610"]
[BlackElo "2430"]

1.d4 Nf6 2.c4 d6 3.Nf3 g6 4.Nc3 Nbd7 5.Bg5 Bg7 6.e3 h6 7.Bh4 g5 8.Bg3 Nh5
9.Nd2 Ndf6 10.Be2 Nxg3 11.hxg3 c6 12.Qc2 Bd7 13.Rd1 Qc7 14.a3 h5 15.Nf3 Bh6
16.Bd3 Bg4 17.d5 e6 18.dxe6 fxe6 19.Bg6+ Ke7 20.Rd2 Bxf3 21.gxf3 h4 22.gxh4 gxh4
23.Rd4 Bg7 24.Rdxh4 Qa5 25.Kf1 d5 26.Ne2 dxc4 27.Nf4 Qb5 28.a4 Qb3 29.Qxb3 cxb3
30.Bd3 Rxh4 31.Rxh4 Nd5 32.Bc4 Nxf4 33.Rxf4 Bxb2 34.Re4 e5 35.Bxb3 Kd6 36.Bc2 Ba3
37.Ke2 Rf8 38.Rh4 Rf7 39.Rh6+ Kc5 40.Rh5 Kd6 41.Rh6+ Kc5  1/2-1/2

[Event "New York Murphy-ACF"]
[Site "New York"]
[Date "1994.??.??"]
[Round "4"]
[White "Levitt, Jonathan"]
[Black "Soltis, Andrew E"]
[Result "1-0"]
[WhiteElo "2445"]
[BlackElo "2430"]

1.d4 Nf6 2.c4 d6 3.Nc3 Nbd7 4.e4 e5 5.d5 Nc5 6.f3 a5 7.Be3 Be7 8.Qd2 a4 9.g3 c6
10.Nh3 Qa5 11.Nf2 O-O 12.Be2 Bd7 13.O-O cxd5 14.exd5 Ne8 15.Kg2 f5 16.Rab1 Bf6
17.Rfc1 Nc7 18.Nd3 N7a6 19.Ne4 Qxd2 20.Nxf6+ Rxf6 21.Bxd2 Nxd3 22.Bxd3 Nc5
23.Be2 f4 24.Rc3 Rg6 25.Ra3 Rf8 26.Rf1 h5 27.b4 axb3 28.axb3 fxg3 29.h4 e4
30.Bg5 exf3+ 31.Bxf3 Nd3 32.Kxg3 Ne5 33.Raa1 Rxg5+ 34.hxg5 Rf5 35.Ra8+  1-0

[Event "New York Murphy-ACF"]
[Site "New York"]
[Date "1994.??.??"]
[Round "5"]
[White "Soltis, Andrew E"]
[Black "Fedorowicz, John P"]
[Result "0-1"]
[WhiteElo "2430"]
[BlackElo "2520"]

1.e4 c5 2.Nf3 e6 3.d4 cxd4 4.Nxd4 a6 5.Bd3 Nf6 6.O-O d6 7.b3 Nbd7 8.Bb2 g6
9.c4 Bg7 10.Nc3 O-O 11.Re1 Re8 12.Bf1 b6 13.g3 Bb7 14.Bg2 Bf8 15.Na4 Qc7
16.Rc1 Rac8 17.Rc2 e5 18.Ne2 Nxe4 19.Nac3 Nef6 20.Nd5 Nxd5 21.Bxd5 Nf6 22.Nc3 b5
23.Qf3 Nxd5 24.Nxd5 Bxd5 25.Qxd5 Qa5 26.Bc3 Qb6 27.cxb5 Qxb5 28.Qd2 h5 29.Rec1 Kh7
30.Qg5 Bh6 31.Qf6 Qd7 32.Rd1 Rc6 33.Rd3 Bg7 34.Qg5 Rec8 35.Rf3 d5  0-1

[Event "New York Murphy-ACF"]
[Site "New York"]
[Date "1994.??.??"]
[Round "6"]
[White "Rogers, Norman"]
[Black "Soltis, Andrew E"]
[Result "0-1"]
[WhiteElo "2290"]
[BlackElo "2430"]

1.e4 c5 2.Nf3 g6 3.d4 Bg7 4.Nc3 cxd4 5.Nxd4 Nc6 6.Be3 Nf6 7.Nb3 O-O 8.Be2 d6
9.O-O Be6 10.f4 Qc8 11.Kh1 a5 12.a4 Nb4 13.Bf3 Rd8 14.Nd4 Bc4 15.Rf2 e5 16.Ndb5 d5
17.exd5 Nfxd5 18.Nxd5 Nxd5 19.Bxd5 Rxd5 20.Rd2 Qc6 21.Nc3 Rxd2 22.Qxd2 exf4
23.Bxf4 Qb6 24.Rd1 Qxb2 25.Ne4 Qb4 26.Qe3 Qxa4 27.Qb6 Re8 28.Nd6 Rf8 29.Bg5 f6
30.Be3 Ba2 31.Qxb7 Qxc2 32.Rc1 Qd3 33.Qe7 Bd5 34.Kg1 Qe2  0-1

[Event "Bermuda"]
[Site "Bermuda"]
[Date "1996.??.??"]
[Round "2"]
[White "Soltis, Andrew E"]
[Black "Black, Richard"]
[Result "1-0"]
[WhiteElo "2420"]
[BlackElo "2200"]

1.e4 g6 2.d4 Bg7 3.Nf3 d6 4.c3 Nf6 5.Bd3 O-O 6.O-O Nc6 7.Na3 e5 8.dxe5 Nxe5
9.Nxe5 dxe5 10.Bg5 h6 11.Bh4 Qe8 12.Qb3 Nh5 13.Nb5 Qc6 14.Qc4 Qxc4 15.Bxc4 Bd7
16.Be7 Bxb5 17.Bxb5 Rfc8 18.Rfd1 c6 19.Bc4 Rc7 20.Bc5 Bf8 21.Be3 Nf6 22.f3 Kg7
23.Rd2 Rd7 24.Rxd7 Nxd7 25.Rd1 Nf6 26.a4 Be7 27.Kf1 b6 28.Ba6 Rd8 29.Rxd8 Bxd8
30.Bb7 c5 31.Bc6 Bc7 32.Ke2 h5 33.Kd3 Kf8 34.Bg5 Nh7 35.Bh4 g5 36.Bf2 Ke7
37.Kc4 f6 38.Kb5 a5 39.Bd5 Nf8 40.b4 axb4 41.cxb4 Nd7 42.a5 Kd6 43.bxc5+ bxc5
44.Bc6 c4 45.Bxd7 Kxd7 46.a6 Kc8 47.Kc6 Bb8 48.a7 Bxa7 49.Bxa7  1-0

[Event "Bermuda"]
[Site "Bermuda"]
[Date "1996.??.??"]
[Round "3"]
[White "Manion, Josh"]
[Black "Soltis, Andrew E"]
[Result "1-0"]
[WhiteElo "2365"]
[BlackElo "2420"]

1.d4 Nf6 2.c4 d6 3.Nc3 Bf5 4.f3 e5 5.e4 exd4 6.Qxd4 Be6 7.b3 g6 8.Bb2 Bg7
9.Nge2 Nc6 10.Qd2 O-O 11.Nf4 Nd7 12.Be2 Nd4 13.O-O Qg5 14.Rad1 c6 15.Nd3 Qxd2
16.Rxd2 Bh6 17.f4 f5 18.Bd1 Rad8 19.Nf2 c5 20.g3 Bg7 21.Kg2 a6 22.Ne2 Nxe2
23.Bxe2 Bxb2 24.Rxb2 Nf6 25.exf5 gxf5 26.Bf3 d5 27.Re1 Rfe8 28.Re5 dxc4 29.bxc4 Bxc4
30.Rxf5 Re1 31.g4 Nd5 32.Kg3 b5 33.Rd2  1-0

[Event "San Francisco Mechanics"]
[Site "San Francisco"]
[Date "1998.07.12"]
[Round "3"]
[White "Soltis, Andrew E"]
[Black "Christiansen, Larry Mark"]
[Result "1/2-1/2"]
[WhiteElo "2410"]
[BlackElo "2575"]

1.e4 c5 2.Nf3 e6 3.d3 Nc6 4.g3 g6 5.Bg5 Qb6 6.Nbd2 Bg7 7.Nc4 Qc7 8.a4 Nge7
9.Bg2 O-O 10.e5 b6 11.O-O Ba6 12.Re1 h6 13.Bd2 Rad8 14.Nd6 Nf5 15.Nxf5 exf5
16.Bf4 Qc8 17.h4 Rfe8 18.c3 Bb7 19.d4 Qa8 20.h5 Kh7 21.hxg6+ fxg6 22.a5 Nxa5
23.dxc5 Qc8 24.b4 Nc6 25.Qd2 Re6 26.cxb6 axb6 27.Rad1 Nb8 28.Nd4 Re7 29.Bxb7 Qxb7
30.Nb5 Rf8 31.Nd6 Qf3 32.Re3 Qa8 33.Qd3 Nc6 34.b5 Nd8 35.Nc4 Qb7 36.Ree1 Nf7
37.Qd5 Qxd5 38.Rxd5 Rb8 39.Be3 Nxe5 40.Nxe5 Bxe5 41.Bxb6 Rxb6 42.Rdxe5 Rxe5
43.Rxe5 Kg7 44.c4 Kf6 45.Rd5 Ke6 46.Kg2  1/2-1/2

[Event "San Francisco Mechanics"]
[Site "San Francisco"]
[Date "1998.07.14"]
[Round "5"]
[White "Soltis, Andrew E"]
[Black "Fedorowicz, John P"]
[Result "0-1"]
[WhiteElo "2410"]
[BlackElo "2495"]

1.e4 c5 2.Nf3 Nc6 3.Bb5 g6 4.O-O Bg7 5.c3 Nf6 6.d4 Nxe4 7.d5 Nd6 8.Bd3 Nb8
9.Bf4 O-O 10.Be5 Ne8 11.Bxg7 Kxg7 12.b4 cxb4 13.cxb4 d6 14.Qd2 Nf6 15.Nc3 Nbd7
16.Rfe1 Nb6 17.Bf1 a5 18.Rab1 h6 19.Bb5 Bg4 20.Nh4 axb4 21.Rxb4 Rc8 22.Re3 Rc5
23.Rd4 Qc8 24.h3 Bd7 25.Bxd7 Qxd7 26.Rg3 Rg8 27.Kh2 Kh7 28.Nf3 Rc4 29.Rxc4 Nxc4
30.Qd4 Qc7 31.Qh4 Ne5 32.Ng5+ Kg7 33.Nge4 Ned7 34.Re3 Nxe4 35.Qxe4 e5 36.Qb4 Qb6
37.Qxb6 Nxb6 38.Ne4 Rd8 39.Rb3 Nxd5 40.Rxb7 Nf6 41.Nxf6 Kxf6 42.a4 Ra8 43.Rb4 Ke6
44.f4 f6 45.Kg3 Kd5 46.fxe5 fxe5 47.h4 h5 48.Kf3 Kc5 49.Rb5+ Kc6 50.Rb4 d5
51.g3 Ra6  0-1

[Event "San Francisco Mechanics"]
[Site "San Francisco"]
[Date "1998.07.17"]
[Round "8"]
[White "Benjamin, Joel"]
[Black "Soltis, Andrew E"]
[Result "1-0"]
[WhiteElo "2595"]
[BlackElo "2410"]

1.e4 e5 2.Nf3 Nc6 3.Bb5 Nd4 4.Nxd4 exd4 5.O-O c6 6.Ba4 Nf6 7.c3 d3 8.Qf3 d5
9.e5 Ne4 10.Qxd3 Nc5 11.Qc2 d4 12.d3 Bf5 13.Rd1 Be7 14.Bb3 O-O 15.Qe2 Qd7
16.cxd4 Nxb3 17.axb3 Qxd4 18.Ra4 Qd5 19.Rf4 Bg6 20.Nc3 Qxb3 21.h4 h5 22.d4 Rad8
23.Be3 Rfe8 24.Ne4 Bf8 25.Rc1 Rd5 26.Ng3 Rb5 27.Nxh5 Qxb2 28.Qg4 c5 29.Nxg7 Bxg7
30.h5 Rb6 31.hxg6 Rxg6 32.Qf5 Qb3 33.Rxc5 Qd1+ 34.Kh2 Re7 35.Rc8+  1-0

[Event "Open"]
[Site "Bermuda BER"]
[Date "2002.02.02"]
[Round "2"]
[White "Soltis,A"]
[Black "Blehm,P"]
[Result "1/2-1/2"]
[WhiteElo "2409"]
[BlackElo "2535"]

1.e4 c5 2.Nf3 Nc6 3.d4 cxd4 4.Nxd4 Nf6 5.Nc3 d6 6.Bc4 Qb6 7.Nxc6 bxc6 8.O-O g6
9.Be3 Qc7 10.Kh1 Bg7 11.f4 O-O 12.Bd4 Be6 13.Bxe6 fxe6 14.Qd3 Nh5 15.Bxg7 Nxg7
16.Rf3 Rf7 17.Raf1 Raf8 18.Ne2 Qb6 19.b3 Qa5 20.a4 c5 21.g4 Qb4 22.c4 Qb7
23.Ng3 Rd8  1/2-1/2

[Event "Open"]
[Site "Bermuda BER"]
[Date "2002.02.02"]
[Round "3"]
[White "Sharp,D"]
[Black "Soltis,A"]
[Result "0-1"]
[WhiteElo "2062"]
[BlackElo "2409"]

1.e4 c5 2.Nf3 Nc6 3.d4 cxd4 4.Nxd4 Nf6 5.Nc3 d6 6.Be2 e5 7.Nb3 Be7 8.O-O O-O
9.Bg5 Nxe4 10.Bxe7 Nxc3 11.Bxd8 Nxd1 12.Bc7 Nxb2 13.Bxd6 Rd8 14.Ba3 Na4 15.f4 Nc3
16.Kf2 Be6 17.Bd1 exf4 18.Bf3 Bd5 19.Bc1 Bxf3 20.gxf3 Re8 21.Bxf4 Re2+ 22.Kg3 Rxc2
23.Be3 Re8 24.Bf2 Rxa2 25.Rxa2 Nxa2 26.Ra1 Nc3 27.Bxa7 Ra8 28.Bc5 Rxa1 29.Nxa1 f6
30.Kf4 Kf7 31.Nb3 Ke6  0-1

[Event "Open"]
[Site "Bermuda BER"]
[Date "2002.02.03"]
[Round "5"]
[White "Shahade,G"]
[Black "Soltis,A"]
[Result "1/2-1/2"]
[WhiteElo "2454"]
[BlackElo "2409"]

1.e4 c5 2.Nf3 Nc6 3.d4 cxd4 4.Nxd4 Nf6 5.Nc3 d6 6.Bg5 e6 7.Qd2 h6 8.Bxf6 gxf6
9.O-O-O a6 10.f4 h5 11.Kb1 Bd7 12.g3 Qb6 13.Nce2 Na5 14.Nb3 Nxb3 15.axb3 h4
16.f5 hxg3 17.Nxg3 Bh6 18.Qc3 Ke7 19.Nh5 Bg5 20.fxe6 fxe6 21.h4 Rxh5 22.hxg5 Rxh1
23.Qxf6+ Ke8 24.g6 Rg1 25.g7 Rxg7 26.Qxg7 Qf2 27.Qg5 Rc8 28.Bd3 Rc5 29.e5 Rxe5
30.Bg6+ Kf8 31.Qd8+ Kg7 32.Bd3 Bc6 33.Qe7+ Kg8 34.Qxd6 Re1 35.Qd8+ Kf7 36.Rxe1 Qxe1+
37.Ka2 Qe5 38.Bc4 a5 39.Qh4 b5 40.Qh7+ Ke8 41.Qg8+  1/2-1/2